[Event "Verbandsliga Suedbaden 1617"]
[Site "Baden"]
[Date "2017.02.12"]
[Round "6.2"]
[White "Ehmann, Thilo"]
[Black "Schmider, Bernd"]
[Result "1-0"]
[WhiteElo "2272"]
[BlackElo "2208"]
[PlyCount "77"]
[EventDate "2016.10.09"]
[EventType "team-tourn"]
[EventRounds "9"]
[EventCountry "GER"]
[SourceTitle "EXT 2022"]
[Source "ChessBase"]
[SourceDate "2021.10.06"]
[SourceVersion "1"]
[SourceVersionDate "2021.10.06"]
[SourceQuality "1"]
[WhiteTeam "Sasbach"]
[BlackTeam "Lahr"]
[WhiteTeamCountry "GER"]
[BlackTeamCountry "GER"]

1. e4 c5 2. Nf3 d6 3. d4 cxd4 4. Nxd4 Nf6 5. Nc3 a6 6. f3 e6 7. Be3 Be7 8. Qd2 Nc6 9. 0-0-0 Nxd4 10. Bxd4 b5 11. Kb1 e5 12. Be3 Be6 13. g4 0-0 14. h4 Nd7 15. g5 Nb6 16. Qf2 Rb8 17. f4 exf4 18. Bxf4 Qc7 19. Bd3 Bc4 20. Qh2 b4 21. Ne2 Rbc8 22. Nd4 Rfd8 23. h5 Bf8 24. g6 h6 25. Rhg1 Kh8 26. Nf5 Na4 27. Bxc4 Qxc4 28. Rd4 Qc5 29. Qd2 Nc3+ 30. bxc3 bxc3 31. Qc1 Rb8+ 32. Ka1 Rb2 33. Ra4 Rdb8 34. Be3 Qc6 35. Ra5 Qxe4 36. Bd4 f6 37. Re1 Rxc2 38. Qe3 Re2 39. Qxe4 1-0

[Event "Verbandsliga Sued Baden 1314"]
[Site "Germany"]
[Date "2014.03.23"]
[Round "8.2"]
[White "Herbrechtsmeier, Christof"]
[Black "Schmider, Bernd"]
[Result "1/2-1/2"]
[WhiteElo "2282"]
[BlackElo "2191"]
[PlyCount "93"]
[EventDate "2013.10.20"]
[EventType "team-tourn"]
[EventRounds "9"]
[EventCountry "GER"]
[SourceTitle "EXT 2015"]
[Source "ChessBase"]
[SourceDate "2014.11.20"]
[SourceVersion "1"]
[SourceVersionDate "2014.11.20"]
[SourceQuality "1"]
[WhiteTeam "Emmendingen"]
[BlackTeam "Lahr"]
[WhiteTeamCountry "GER"]
[BlackTeamCountry "GER"]

1. e4 Nf6 2. Nc3 d5 3. e5 Nfd7 4. f4 c5 5. Nf3 Nc6 6. d4 cxd4 7. Nxd4 Nxd4 8. Qxd4 e6 9. Be3 Bc5 10. Qd2 a6 11. Bxc5 Nxc5 12. Qd4 Qc7 13. h4 h5 14. Rh3 Bd7 15. f5 Rc8 16. Bd3 Qb6 17. Rg3 Nxd3+ 18. Qxd3 Qg1+ 19. Qf1 Qd4 20. Qd3 Qxd3 21. cxd3 exf5 22. Rxg7 Be6 23. Ne2 Kf8 24. Rg5 Ke7 25. Nd4 Rhg8 26. Kf2 Rxg5 27. hxg5 Rg8 28. Rc1 Kd7 29. Rh1 Rxg5 30. Nf3 Rg4 31. Rxh5 Rb4 32. b3 a5 33. Rh4 f4 34. d4 a4 35. Rxf4 axb3 36. axb3 Rxb3 37. Ng5 Rb2+ 38. Kf3 Rb1 39. Ke3 Rb3+ 40. Kf2 Ke7 41. Nxe6 fxe6 42. g4 Ra3 43. g5 Ra8 44. Rf6 b5 45. g6 Rf8 46. g7 Rg8 47. Rg6 1/2-1/2

[Event "Verbandsliga Sued Baden 1314"]
[Site "Germany"]
[Date "2014.02.16"]
[Round "6.2"]
[White "Ruefenacht, Matthias"]
[Black "Schmider, Bernd"]
[Result "0-1"]
[WhiteElo "2318"]
[BlackElo "2191"]
[PlyCount "118"]
[EventDate "2013.10.20"]
[EventType "team-tourn"]
[EventRounds "9"]
[EventCountry "GER"]
[SourceTitle "EXT 2015"]
[Source "ChessBase"]
[SourceDate "2014.11.20"]
[SourceVersion "1"]
[SourceVersionDate "2014.11.20"]
[SourceQuality "1"]
[WhiteTeam "Brombach"]
[BlackTeam "Lahr"]
[WhiteTeamCountry "GER"]
[BlackTeamCountry "GER"]

1. e4 Nf6 2. Nc3 d5 3. e5 Nfd7 4. f4 e6 5. Nf3 c5 6. d4 Nc6 7. Be3 f6 8. exf6 Qxf6 9. Nb5 Qd8 10. Ng5 Nf6 11. dxc5 Be7 12. Nd4 Nxd4 13. Bxd4 0-0 14. Bd3 h6 15. Nf3 Ne4 16. g3 Nxc5 17. 0-0 a6 18. Ne5 Nxd3 19. cxd3 Bf6 20. Qb3 b5 21. Qb4 Bxe5 22. fxe5 Bd7 23. Qd6 Rxf1+ 24. Rxf1 a5 25. Bb6 Qe8 26. Rc1 Rc8 27. Rxc8 Qxc8 28. Qc7 Qxc7 29. Bxc7 a4 30. Kf2 Kf7 31. Ke3 Kg6 32. Kd4 Kf5 33. h3 h5 34. Kc5 g5 35. Kd6 Bc8 36. a3 g4 37. h4 Ba6 38. Kc5 b4 39. axb4 Bxd3 40. Kd4 Bf1 41. Bd8 Be2 42. Bg5 Bf1 43. Bf4 Be2 44. Kc5 Ke4 45. Kd6 Bb5 46. Kxe6 Kd4 47. Kd6 Kc4 48. e6 d4 49. Bd2 d3 50. e7 Be8 51. Kc7 Kb3 52. Kd8 Bb5 53. e8Q Bxe8 54. Kxe8 Kxb2 55. b5 a3 56. b6 a2 57. Bf4 Kc2 58. b7 a1Q 59. b8Q Qh8+ 0-1

[Event "Verbandsliga Sued Baden 1213"]
[Site "Baden"]
[Date "2013.01.13"]
[Round "4.1"]
[White "Merkel, Markus"]
[Black "Schmider, Bernd"]
[Result "1/2-1/2"]
[WhiteElo "2107"]
[BlackElo "2174"]
[PlyCount "56"]
[EventDate "2012.10.21"]
[EventType "team-tourn"]
[EventRounds "9"]
[EventCountry "GER"]
[SourceTitle "EXT 2014"]
[Source "ChessBase"]
[SourceDate "2013.11.20"]
[SourceVersion "1"]
[SourceVersionDate "2013.11.20"]
[SourceQuality "1"]
[WhiteTeam "Iffezheim"]
[BlackTeam "Lahr"]
[WhiteTeamCountry "GER"]
[BlackTeamCountry "GER"]

1. Nf3 d6 2. g3 f5 3. Bg2 Nf6 4. c4 g6 5. 0-0 Bg7 6. Nc3 e5 7. d3 c6 8. c5 dxc5 9. Nxe5 Qe7 10. Nc4 0-0 11. Bf4 Rd8 12. Qc1 Na6 13. Re1 Nb4 14. Bg5 Qf8 15. a3 Nbd5 16. Na5 Nxc3 17. bxc3 h6 18. Bd2 Nd5 19. Rb1 Nb6 20. Bf4 Kh7 21. Qc2 Qf7 22. c4 Qf6 23. Nb3 Na4 24. Na5 Nb6 25. Nb3 Bf8 26. Be3 Qe5 27. Bf4 Qf6 28. Be3 Qe5 1/2-1/2

[Event "Verbandsliga Sued Baden 0910"]
[Site "Germany"]
[Date "2010.04.25"]
[Round "9.2"]
[White "Schmider, Bernd"]
[Black "Schuh, Hubert"]
[Result "1/2-1/2"]
[WhiteElo "2168"]
[BlackElo "2301"]
[PlyCount "50"]
[EventDate "2009.10.11"]
[EventType "team-tourn"]
[EventRounds "9"]
[EventCountry "GER"]
[SourceTitle "EXT 2011"]
[Source "ChessBase"]
[SourceDate "2010.11.26"]
[SourceVersion "1"]
[SourceVersionDate "2010.11.26"]
[SourceQuality "1"]
[WhiteTeam "Lahr"]
[BlackTeam "Kuppenheim"]
[WhiteTeamCountry "GER"]
[BlackTeamCountry "GER"]

1. e4 g6 2. Nc3 Bg7 3. f4 d6 4. Nf3 a6 5. a4 b6 6. Bc4 Nh6 7. 0-0 Nc6 8. d3 Bg4 9. h3 Bxf3 10. Qxf3 e6 11. g4 Nd4 12. Qf2 c5 13. Be3 Ra7 14. Rae1 f5 15. exf5 gxf5 16. g5 Nf7 17. Nd5 b5 18. Ba2 bxa4 19. Nf6+ Bxf6 20. gxf6 Qxf6 21. Bxd4 Qxd4 22. Qxd4 cxd4 23. Rxe6+ Kf8 24. Rf6 Kg7 25. Rxf5 Rb8 1/2-1/2

[Event "Verbandsliga Sued Baden 0910"]
[Site "Germany"]
[Date "2010.03.28"]
[Round "8.2"]
[White "Raka, Ramadan"]
[Black "Schmider, Bernd"]
[Result "0-1"]
[WhiteElo "2148"]
[BlackElo "2168"]
[PlyCount "108"]
[EventDate "2009.10.11"]
[EventType "team-tourn"]
[EventRounds "9"]
[EventCountry "GER"]
[SourceTitle "EXT 2011"]
[Source "ChessBase"]
[SourceDate "2010.11.26"]
[SourceVersion "1"]
[SourceVersionDate "2010.11.26"]
[SourceQuality "1"]
[WhiteTeam "Iffezheim"]
[BlackTeam "Lahr"]
[WhiteTeamCountry "GER"]
[BlackTeamCountry "GER"]

1. d4 Nf6 2. Nf3 d6 3. Bf4 c6 4. e3 Bg4 5. Be2 Nbd7 6. c3 h6 7. h3 Bf5 8. 0-0 g5 9. Bh2 Bg7 10. Nfd2 h5 11. c4 Nf8 12. Nc3 Ng6 13. e4 Be6 14. Bd3 Nh4 15. f4 gxf4 16. Rxf4 Ng6 17. Rf2 Ng4 18. hxg4 Bxd4 19. Nb3 Bxf2+ 20. Kxf2 Bxg4 21. Be2 Bxe2 22. Qxe2 Qd7 23. Qe3 Qe6 24. c5 Ne5 25. Bxe5 dxe5 26. Rd1 Rd8 27. Qg5 Rxd1 28. Nxd1 f6 29. Qf5 Qxf5+ 30. exf5 Kd7 31. Ne3 e6 32. Nd2 exf5 33. Nxf5 Ke6 34. Ne3 b6 35. cxb6 axb6 36. Ne4 f5 37. Ng5+ Kf6 38. Nf3 b5 39. g3 Rd8 40. Ke2 c5 41. a3 f4 42. gxf4 exf4 43. Nd1 Kf5 44. Nf2 Re8+ 45. Kd2 Re3 46. Ng1 h4 47. Ngh3 Rg3 48. Kd1 c4 49. Kd2 Ke5 50. Kd1 Rb3 51. Kc2 f3 52. Nd1 Ke4 53. Kd2 Kd4 54. Nhf2 Rxb2+ 0-1

[Event "Verbandsliga Sued Baden 0809"]
[Site "Germany"]
[Date "2008.11.02"]
[Round "3.2"]
[White "Schmider, Bernd"]
[Black "Schuh, Hubert"]
[Result "0-1"]
[WhiteElo "2189"]
[BlackElo "2292"]
[PlyCount "112"]
[EventDate "2008.09.28"]
[EventType "team-tourn"]
[EventRounds "9"]
[EventCountry "GER"]
[SourceTitle "EXT 2010"]
[Source "ChessBase"]
[SourceDate "2010.11.25"]
[SourceVersion "1"]
[SourceVersionDate "2010.11.25"]
[SourceQuality "1"]
[WhiteTeam "Lahr"]
[BlackTeam "Kuppenheim"]
[WhiteTeamCountry "GER"]
[BlackTeamCountry "GER"]

1. Nf3 c5 2. g3 b6 3. Bg2 Bb7 4. 0-0 g6 5. c4 Bg7 6. Nc3 Nf6 7. b3 0-0 8. Bb2 d5 9. cxd5 Nxd5 10. Qb1 Na6 11. Nxd5 Bxd5 12. Bxg7 Kxg7 13. Rd1 e6 14. d4 Qf6 15. e4 Bb7 16. e5 Qe7 17. h4 Rad8 18. Qb2 Bxf3 19. Bxf3 cxd4 20. Rxd4 Rxd4 21. Qxd4 Rd8 22. Qf4 Nc5 23. Be2 a5 24. Kg2 h6 25. Qe3 Qb7+ 26. Bf3 Qe7 27. Be2 Qb7+ 28. Bf3 Qc7 29. Be2 Rd5 30. f4 Qd7 31. h5 Rd2 32. hxg6 Qd5+ 33. Kh3 fxg6 34. Bf3 Qd3 35. Qxd3 Nxd3 36. a3 h5 37. b4 Kh6 38. bxa5 bxa5 39. g4 Nxf4+ 40. Kg3 Kg5 41. gxh5 gxh5 42. Be4 Nd3 43. Bxd3 Rxd3+ 44. Kf2 h4 45. a4 Kf4 46. Rc1 Rd2+ 47. Kg1 Rd4 48. Rc6 Kf5 49. Rc5 Rxa4 50. Kh2 Kg4 51. Rc6 Ra2+ 52. Kg1 Kf5 53. Rc5 a4 54. Rb5 a3 55. Ra5 Kf4 56. Ra8 Kxe5 0-1

[Event "Verbandsliga Sued Baden 0708"]
[Site "Germany"]
[Date "2008.04.27"]
[Round "9.4"]
[White "Schmider, Bernd"]
[Black "Siegel, Georg"]
[Result "1/2-1/2"]
[WhiteElo "2175"]
[BlackElo "2260"]
[PlyCount "94"]
[EventDate "2007.10.14"]
[EventType "team-tourn"]
[EventRounds "9"]
[EventCountry "GER"]
[SourceTitle "EXT 2009"]
[Source "ChessBase"]
[SourceDate "2008.11.26"]
[SourceVersion "1"]
[SourceVersionDate "2008.11.26"]
[SourceQuality "1"]
[WhiteTeam "Lahr"]
[BlackTeam "Wiehre"]
[WhiteTeamCountry "GER"]
[BlackTeamCountry "GER"]

1. e4 c5 2. Nc3 Nc6 3. f4 g6 4. Nf3 Bg7 5. Bc4 e6 6. f5 Nge7 7. fxe6 dxe6 8. a4 0-0 9. d3 Nd4 10. Nxd4 cxd4 11. Ne2 Nc6 12. 0-0 Bd7 13. c3 Rc8 14. Ba2 Qe7 15. Qe1 Rfd8 16. Qg3 h6 17. Bd2 Be8 18. Qh3 Kh7 19. Kh1 dxc3 20. bxc3 Ne5 21. Bb1 f5 22. d4 Nc4 23. Bc1 Nd6 24. Ba3 Qd7 25. Bxd6 Qxd6 26. e5 Qc6 27. Ba2 Bf7 28. Qg3 Qe4 29. Nf4 Re8 30. h4 Qc2 31. Rfc1 Qd2 32. Bb3 Qb2 33. Rab1 Qa3 34. Qf3 Qe7 35. g3 Rc7 36. Re1 g5 37. hxg5 hxg5 38. Ne2 Rh8 39. Kg2 Kg8 40. c4 Qd7 41. Rbd1 g4 42. Qe3 Bh6 43. Nf4 Bf8 44. Rh1 Rxh1 45. Rxh1 Qc6+ 46. d5 exd5 47. Nxd5 Bg7 1/2-1/2